Income Tax : Practice & Procedure (Record no. 43376)

MARC details
000 -LEADER
fixed length control field 00451nam a2200181Ia 4500
008 - FIXED-LENGTH DATA ELEMENTS--GENERAL INFORMATION
fixed length control field 220531s9999 xx 000 0 und d
041 ## - LANGUAGE CODE
Language code of text/sound track or separate title eng
082 ## - DEWEY DECIMAL CLASSIFICATION NUMBER
Classification number -
Item number INC / WAK
100 ## - MAIN ENTRY--PERSONAL NAME
Personal name Wakale, L.P.
9 (RLIN) 78266
245 ## - TITLE STATEMENT
Title Income Tax : Practice & Procedure
250 ## - EDITION STATEMENT
Edition statement 7th
260 ## - PUBLICATION, DISTRIBUTION, ETC. (IMPRINT)
Place of publication, distribution, etc. Sangamner
Name of publisher, distributor, etc. Gayatri
Date of publication, distribution, etc. 2019
300 ## - PHYSICAL DESCRIPTION
Extent 304
542 ## - INFORMATION RELATING TO COPYRIGHT STATUS
Copyright holder 30-01-2019
650 ## - SUBJECT ADDED ENTRY--TOPICAL TERM
Topical term or geographic name as entry element Income Tax
9 (RLIN) 78267
906 ## - LOCAL DATA ELEMENT F, LDF (RLIN)
d 2018-2019
f 16438
Holdings
Withdrawn status Lost status Source of classification or shelving scheme Damaged status Not for loan Collection code Home library Current library Date acquired Vendor Cost, normal purchase price Total Checkouts Total Holds Full call number Barcode Date last seen Cost, replacement price Bill Date Koha item type Original Barcode
Withdrawn   Dewey Decimal Classification       Shri Siddhivinayak Mahila Mahavidyalaya Shri Siddhivinayak Mahila Mahavidyalaya 30/01/2019 Elantas Beck Co 200.00   12 -/INC/WAK/B/29042 SSMM-BK-29042 06/08/2022 200.00 06/08/2022 Books 010029042